000 00826nam a2200265Ia 4500
005 20220317000710.0
008 160601s2001 ag a g 000 0 spa
020 _a9501115267
082 0 4 _a790.133
_bV27a
100 1 _aVera, Paula
245 1 0 _aA jugar
_cPaula Vera
250 _a1a. edición
300 _a10 páginas
_bilustraciones en color
_c16 cm
490 _aCaricias
500 _a¿Es suave el elefante? ¿Y el dinosaurio? Prueba la sensación que produce tocar texturas
650 1 4 _2LEMB
_aJuguetes
650 1 4 _2LEMB
_aDiversión
650 1 4 _2LEMB
_aJuegos infantiles
942 _2ddc
_cBK
264 _aBuenos Aires
_bSigmar
_c2001
336 _atexto
_btxt
_2rdacontent
337 _asin mediación
_bn
_2rdamedia
338 _avolumen
_bnc
_2rdacarrier
040 _aCO-BoRNBP
_bspa
_erda
_cCO-BoRNBP
999 _c4808
_d4808